Investment analysis for real estate decisions

Bibliographic Details
Main Author: Greer, Gaylon E.
Format: Book
Published: Chicago : Dearborn , 1997
Edition:4th ed.
Subjects:

MARC

LEADER 00000cam a2200000 7i4500
001 0000007672
005 20021127.0
020 |a 0793122260 
040 |a INS 
090 0 0 |a HD1382.5.   |b G74 1997 
100 1 |a Greer, Gaylon E. 
245 1 0 |a Investment analysis for real estate decisions   |c Gaylon E. Greer 
250 |a 4th ed. 
260 |a Chicago :   |b Dearborn ,   |c 1997 
300 |a 503p. ;   |c 25 cm. 
650 0 0 |a Investment analysis 
650 0 0 |a Real estate investment   |x Decision making 
999 |a 0000007851   |b BOOK   |c Open Shelf   |e Default branch 
999 |a 0000021688   |b BOOK   |c Open Shelf   |e Default branch